000
00294nam a2200121Ia 4500
008
241028s9999 xx 000 0 und d
041
_a
eng
082
_a
658.401 KHA
100
_a
Tarun Khanna
245
_a
Winning In Emerging Markets
260
_b
Hbr
_a
Boston
_c
2010
300
_a
247;. P, 21 cm
999
_c
42907
_d
42907